Earthquakes in South Africa, (Record no. 28613)

MARC details
000 -LEADER
fixed length control field 00853cam a22002531 4500
001 - CONTROL NUMBER
control field gs 52000050
003 - CONTROL NUMBER IDENTIFIER
control field DLC
005 - DATE AND TIME OF LATEST TRANSACTION
control field 20260227111358.0
008 - FIXED-LENGTH DATA ELEMENTS--GENERAL INFORMATION
fixed length control field 810425s1951 sa b f000 0 eng c
010 ## - LIBRARY OF CONGRESS CONTROL NUMBER
LC control number gs 52000050
035 ## - SYSTEM CONTROL NUMBER
System control number (OCoLC)7367098
040 ## - CATALOGING SOURCE
Original cataloging agency U.S. Geol. Survey Library
Transcribing agency ViBlbV
Modifying agency ViBlbV
-- DLC
042 ## - AUTHENTICATION CODE
Authentication code premarc
050 00 - LIBRARY OF CONGRESS CALL NUMBER
Classification number QE537
Item number .K7
100 1# - MAIN ENTRY--PERSONAL NAME
Personal name Krige, Leo Jacobus,
Dates associated with a name 1884-
245 10 - TITLE STATEMENT
Title Earthquakes in South Africa,
Statement of responsibility, etc. by L. J. Krige and B. D. Maree.
260 ## - PUBLICATION, DISTRIBUTION, ETC.
Place of publication, distribution, etc. Pretoria,
Name of publisher, distributor, etc. Govt. Printer,
Date of publication, distribution, etc. 1951.
300 ## - PHYSICAL DESCRIPTION
Extent 14 p.
Other physical details fold. map.
Dimensions 24 cm.
490 1# - SERIES STATEMENT
Series statement South Africa. Dept. of Mines. Geological series. Bulletin
Volume/sequential designation no. 20
504 ## - BIBLIOGRAPHY, ETC. NOTE
Bibliography, etc. note Bibliography: p. 14.
650 #0 - SUBJECT ADDED ENTRY--TOPICAL TERM
Topical term or geographic name entry element Earthquakes
Geographic subdivision South Africa.
700 1# - ADDED ENTRY--PERSONAL NAME
Personal name Maree, B. D.
830 #0 - SERIES ADDED ENTRY--UNIFORM TITLE
Uniform title Geological series. Bulletin (South Africa. Geological Survey Division) ;
Volume/sequential designation no. 20.

No items available.

Powered by Koha